000 00559nam a2200217Ia 4500
008 180523s9999 xx 000 0 und d
020 _a007-124433-6
050 _aMAIN HF 5415.153
050 _b.C73 2006
100 _aCrewford, Merle.
245 0 _aNew products management /
245 0 _cMerle Crawford, Anthony Di Benedetto.
250 _a8th Edition
260 _aNew York :
260 _bMcGraw-Hill,
260 _c2006
300 _a540 pages :
300 _c23 cm.
500 _aIncludes index.
650 _aNew products -- Management.
999 _c357077
_d357077